000 00886nam a22002897a 4500
001 BR9510291
003 BR-BrBNA
005 20230928094818.0
007 ta
008 230509b bl.||||| |||| 00| 0 por d
040 _aBR-BrBNA
_bpor
_cBiblioteca Nacional de Agricultura
041 _a(Por)
072 _aC10
090 _ C10 BR9510291
100 1 _aMarchesi, E.M.
100 1 _aSoares, I.F.
100 1 _aNeves, L.O. do
100 1 _aLucena, R.M. de
110 1 _aServico Nacional de Formacao Profissional Rural, Brasilia, DF (Brasil)
_99371
245 1 _aProposta de instalacao do Centro de Treinamento de Agricultores para a Producao Agricola - CETAPA, na Republica Popular do Congo
260 3 _aBrasilia, DF (Brasil):
_c1986.
300 _a19 p.
650 _aTrabalhador Rural
650 _aTreinamento
909 _a202309
_bLucia
_c55
_dLucia Elande
942 _cBK
999 _c52782
_d52782